Envejecimiento, solidaridad y protección social en América Latina y el Caribe: la hora de avanzar hacia la igualdad
Gespeichert in:
| 1. Verfasser: | |
|---|---|
| Format: | Buch |
| Sprache: | Spanisch |
| Veröffentlicht: |
Santiago
CEPAL
2013
|
| Schriftenreihe: | Libros de la CEPAL, 117
|
| Schlagworte: | |
| Tags: |
Tag hinzufügen
Keine Tags, Fügen Sie den ersten Tag hinzu!
|
MARC
| LEADER | 00000cam a2200000 a 4500 | ||
|---|---|---|---|
| 001 | UCF6822 | ||
| 003 | CL-VaPUC | ||
| 008 | 130524e20130100CL |||||||||||||||||spa|d | ||
| 020 | |a 9789212211046 | ||
| 082 | 0 | 4 | |a 305.26 |b HUE |2 21 |
| 100 | |a Huenchuan, Sandra |e author |9 601737 | ||
| 245 | 1 | 0 | |a Envejecimiento, solidaridad y protección social en América Latina y el Caribe: la hora de avanzar hacia la igualdad |
| 300 | |a 183 P | ||
| 942 | |c BK | ||
| 945 | |d 20130524 00:00:00 |a dcastane | ||
| 260 | |a Santiago |b CEPAL |c 2013 | ||
| 650 | 0 | |a Tercera edad |9 307285 | |
| 650 | 7 | |a ENVEJECIMIENTO |2 CL-VaPUC |9 568803 | |
| 650 | 0 | |a Derechos humanos |9 223025 | |
| 650 | 0 | |a Políticas públicas |9 309677 | |
| 583 | |a last modification |c 20130524 08:39:00 |k Rodrigo Vera | ||
| 490 | 0 | |a Libros de la CEPAL, 117 | |
| 999 | |c 351877 |d 351875 | ||
| 952 | |0 0 |1 0 |4 0 |6 305_260000000000000_HUE_2013 |7 0 |8 A |9 456274 |a BIBGIM |b BIBGIM |d 2019-11-22 |i 4972511 |o 305.26 HUE 2013 |p 4972511 |r 2025-01-15 |w 2019-11-22 |y BK |k SSL | ||